| 000 | 00810nam a22002297a 4500 | ||
|---|---|---|---|
| 005 | 20251108173549.0 | ||
| 008 | 250721s2007 xx 000 0 ara d | ||
| 020 | _a9774270835 | ||
| 082 | 1 | 4 | _a378.107/نبو |
| 100 | 1 |
_aالنبوي، أمين محمد _eمؤلف |
|
| 245 | 1 | 0 | _aالإعتماد الأكاديمي و إدارة الجودة الشاملة في التعليم الجامعي / |
| 264 | 1 |
_aالقاهره : _bالدار المصرية اللبنانية، _c2007. |
|
| 300 | _a446ص. | ||
| 490 | 0 | _aآفاق تربوية متجددة | |
| 650 | 1 | 7 | _aالتعليم العالي |
| 650 | 1 | 7 | _aالجامعات |
| 650 | 1 | 7 | _aجودة التربية |
| 650 | 1 | 7 | _aالمؤسسات التربوية |
| 700 | 1 |
_aعمار، حامد _eمقدم |
|
| 942 |
_2ddc _cBK |
||
| 999 |
_c106922 _d106922 |
||